000 00308nam a2200121 i 4500
001 bg
245 0 _aZastosowanie MDC do organizacji działałności inwestycyjnej i budownictwa.
260 _aWarszawa,
_c1969.
040 _cBPK
041 _apol
942 _cKS
008 s pl f |000 0 pol
999 _c18227
_d18227
856 _uhttp://koha.tu.koszalin.pl/cgi-bin/koha/opac-detail.pl?biblionumber=18227
_yKatalog online BPK